<?xml version="1.0" encoding="UTF-8"?>
<collection xmlns="http://www.loc.gov/MARC21/slim">
 <record>
  <leader>00911pamaa2200217   4500</leader>
  <controlfield tag="001">0000042965</controlfield>
  <controlfield tag="005">20130118090000.0</controlfield>
  <controlfield tag="008">071116                             eng  </controlfield>
  <datafield tag="020" ind1="0" ind2="0">
   <subfield code="a">1412925967 (pbk.) </subfield>
  </datafield>
  <datafield tag="090" ind1="0" ind2="0">
   <subfield code="a">LB1775.2 </subfield>
   <subfield code="b">BLA 2006</subfield>
  </datafield>
  <datafield tag="100" ind1="1" ind2="0">
   <subfield code="a">Blase </subfield>
  </datafield>
  <datafield tag="245" ind1="1" ind2="0">
   <subfield code="a">Teachers bringing out the best in teachers : </subfield>
   <subfield code="b">a guide to guide peer consultation for administrators and teachers  </subfield>
   <subfield code="c">Jo Blase, Joseph J. Blase; </subfield>
   <subfield code="f">foreword by Edith Rusch.</subfield>
  </datafield>
  <datafield tag="260" ind1="0" ind2="0">
   <subfield code="a">Thousand Oaks, Calif.: </subfield>
   <subfield code="b">Corwin Press, </subfield>
   <subfield code="c">2006..</subfield>
  </datafield>
  <datafield tag="300" ind1=" " ind2=" ">
   <subfield code="a">xviii, 146 p.: </subfield>
   <subfield code="b">ill.; </subfield>
   <subfield code="c">26 cm.</subfield>
  </datafield>
  <datafield tag="501" ind1="0" ind2="0">
   <subfield code="a">CITS</subfield>
  </datafield>
  <datafield tag="504" ind1="0" ind2="0">
   <subfield code="a">Includes bibliographical references (p. 127-135) and index.</subfield>
  </datafield>
  <datafield tag="650" ind1="0" ind2="0">
   <subfield code="a">Teaching -- </subfield>
   <subfield code="x">Vocational guidance -- </subfield>
   <subfield code="z">United States </subfield>
  </datafield>
  <datafield tag="650" ind1="0" ind2="0">
   <subfield code="a">Teachers -- </subfield>
   <subfield code="x">Professional relationships -- </subfield>
   <subfield code="z">United States </subfield>
  </datafield>
  <datafield tag="650" ind1="0" ind2="0">
   <subfield code="a">Teacher-principal relationships -- </subfield>
   <subfield code="z">UnitedStates </subfield>
  </datafield>
  <datafield tag="700" ind1="1" ind2="1">
   <subfield code="a">Blase, </subfield>
   <subfield code="h">Joseph </subfield>
  </datafield>
  <datafield tag="901" ind1=" " ind2=" ">
   <subfield code="u">http://www.corwinpress.com</subfield>
  </datafield>
 </record>
</collection>
